Lisa In Every MV - Statistics

General Stats
  • This quiz has been taken 135 times
    94 since last reset
  • The average score is 16 of 20
Answer Stats
Picture Answer % Correct
Kill This Love
94%
Shut Down
94%
Money
90%
Rockstar
90%
Stay
90%
As If It's Your Last
88%
Pink Venom
87%
Born Again
85%
Lalisa
85%
New Woman
84%
How You Like That
81%
Ddu-Du Ddu-Du
76%
Fxck Up The World
75%
Boombayah
73%
Ice Cream
72%
Shoong!
67%
Whistle
60%
SG
58%
Playing With Fire
55%
Lovesick Girls
54%
No matching quizzes found
Score Distribution
Percent of People with Each Score
Percentile by Number Answered
Your Score History
You have not taken this quiz since the last reset